000 00340nam a2200145Ia 4500
008 210210b1953 xxu||||| |||| 00| 0 eng d
041 _aeng
082 _a828/393
100 _aMacCARTHY (Desmond)
245 _aMemories
260 _aLondon
_bMacgibbon & Kee Ltd.,
_c1953
650 _aMemories
690 _aBiography
906 _a016238
999 _c135659
_d135659